[Event "Open CEG 2017"]
[Site "?"]
[Date "2017.11.22"]
[Round "6"]
[White "Suljevic, Elvis"]
[Black "Vernay, Clovis"]
[Result "0-1"]
[WhiteElo "1895"]
[BlackElo "2503"]
[PlyCount "124"]
[EventDate "2017.??.??"]

1. d4 d5 2. c4 c6 3. Nc3 Nf6 4. Nf3 dxc4 5. a4 Bf5 6. e3 e6 7. Bxc4 Bb4 8. O-O
O-O 9. Qe2 Nbd7 10. e4 Bg4 11. h3 (11. Rd1) 11... Bxf3 12. Qxf3 Nb6 13. Qd3
Nxc4 14. Qxc4 Bxc3 15. bxc3 Nxe4 16. Bf4 Qd5 17. Qb4 a5 18. Qb2 Qc4 19. Rfc1 b5
20. Qc2 Nf6 21. Be3 Nd5 22. Bd2 Nb6 23. axb5 cxb5 24. Qe4 Nd5 25. Qg4 Qd3 26.
Bh6 Qg6 27. Qxg6 hxg6 28. Bd2 Rfc8 $19 {
mais il reste des difficultés pratiques...} 29. Kf1 a4 30. Ke2 Rc4 31. Kd3 Nb6
32. Rcb1 Ra5 33. Rb2 f6 34. Rab1 a3 35. Ra2 g5 36. Rb3 Rca4 37. Bc1 Nc4 38. Rb1
Kf7 39. Rb3 Ke7 40. Rb1 Kd6 41. Rb3 Kd5 42. f3 Kc6 43. Rb1 Ra8 44. Kc2 e5 45.
dxe5 Nxe5 46. Rba1 Nc4 47. Kb3 Kd5 48. Bxa3 $2 {il ne faut pas échanger...} (
48. Re2 $17) 48... Rxa3+ 49. Rxa3 Rxa3+ 50. Rxa3 Nxa3 51. Kxa3 Kc4 52. Kb2 Kd3
53. Kb3 f5 54. Kb2 f4 55. Kb3 g6 56. Kb2 Ke2 57. Kb3 Kf2 58. Kb4 Kxg2 59. Kxb5
Kxh3 60. c4 g4 61. c5 gxf3 62. c6 f2 {suivi de Df1+ mat en 14 coups.} 0-1

[Event "Open CEG 2017"]
[Site "?"]
[Date "2017.11.22"]
[Round "6"]
[White "Dib, Billal"]
[Black "Bürki, Gilles"]
[Result "1-0"]
[WhiteElo "1873"]
[BlackElo "1893"]
[PlyCount "119"]
[EventDate "2017.??.??"]

1. e4 c6 2. d4 d5 3. Nc3 dxe4 4. Nxe4 Bf5 5. Ng3 Bg6 6. Nf3 Nd7 7. h4 h6 8. h5
Bh7 9. Bd3 Bxd3 10. Qxd3 e6 11. Bd2 Ngf6 12. O-O-O Be7 13. c4 O-O 14. Bc3 b5
15. c5 a5 $17 16. Ne4 Qc7 17. Kb1 Nxe4 18. Qxe4 Nf6 19. Qe5 Qd7 20. Qe2 Ng4 21.
Nh4 Bxh4 22. Qxg4 Bf6 23. Rd3 Qd5 24. Rf3 Kh8 25. Rd3 b4 26. Bd2 e5 27. Be3
Rad8 28. Rhd1 Qc4 (28... e4 29. Rb3) 29. Qf5 (29. b3) 29... exd4 30. Bxh6 Qd5 (
30... Rd5) 31. Qf4 Rfe8 32. Qd2 Qxc5 (32... Qxh5) 33. Bf4 Qe7 (33... Qf5) 34.
g4 c5 35. Rh3 $2 Qe4+ 36. Ka1 c4 37. g5 c3 38. Qc1 cxb2+ 39. Kxb2 Rc8 40. Qd2
$2 (40. gxf6 Rxc1 41. fxg7+ Kxg7 42. Bxc1) 40... Be5 $2 (40... d3+ {
mat en 10 ! Rb1 Dd4 gxF Tc2}) (40... Rc2+ 41. Qxc2 d3+) 41. Bxe5 Qxe5 42. Qxd4
Qxd4+ $2 (42... Qc7) 43. Rxd4 Re2+ 44. Kb3 Rxf2 45. g6 f6 $2 (45... Rf6 $11)
46. Rhd3 Re2 47. Rd8+ Re8 48. Rxc8 Rxc8 49. Ka4 Ra8 50. Rd5 Kg8 (50... Rf8 51.
Kxa5 f5 52. Rd3 f4 53. Rf3 Ra8+ 54. Kxb4 Rxa2 55. Rxf4 Ra8) 51. Rxa5 Rb8 $2 (
51... Rf8) 52. Rb5 $18 Ra8+ 53. Kxb4 Kf8 54. a4 Re8 55. Rc5 Rb8+ 56. Kc4 Rb7
57. a5 Ke7 58. a6 Ra7 59. Kb5 Kd6 60. Kb6 {
Après l'échange Txa6 RxT RxT h6 gagne} 1-0

[Event "Open CEG 2017"]
[Site "?"]
[Date "2017.11.20"]
[Round "6"]
[White "Elkiess, Grégory"]
[Black "Delmonico, Nils"]
[Result "0-1"]
[WhiteElo "1705"]
[BlackElo "2024"]
[PlyCount "124"]
[EventDate "2017.??.??"]

1. e4 e5 2. Nf3 Nc6 3. Bc4 Nf6 4. Ng5 d5 5. exd5 Na5 6. Bb5+ c6 7. dxc6 bxc6 8.
Qf3 h6 9. Ne4 Nd5 10. Ba4 Be7 11. b3 O-O 12. Ba3 f5 13. Bxe7 Qxe7 14. Nec3 Nb6
15. Qd1 Ba6 16. a3 Qg5 17. Rg1 $2 (17. Qf3) 17... Nd5 $2 (17... Qh4 18. h3 Nxa4
19. bxa4 e4 $19) 18. Nxd5 cxd5 19. Qf3 Rad8 20. Nc3 d4 21. Nb5 Qe7 (21... e4)
22. c4 dxc3 (22... Bb7) 23. Qxc3 Nb7 24. Qc7 Qg5 (24... Rd7) 25. Qc3 Rd5 (25...
Nc5 $1) 26. b4 Bxb5 27. Bxb5 Nd6 28. Bc4 Nxc4 29. Qxc4 Qxd2+ 30. Kf1 Kh8 31. g3
Rfd8 32. Kg2 Qg5 33. Qh4 Rd2 (33... Qxh4 34. gxh4 Rd3 $15) 34. Qxg5 hxg5 $11
35. Rge1 e4 36. h3 R8d3 37. Kf1 Rf3 38. Re2 Rdd3 39. a4 Rb3 (39... e3) 40. b5
g6 41. Rc1 e3 42. Rc8+ $2 (42. Rc7 $18) 42... Kg7 43. Rc7+ Kf6 (43... Kh6) 44.
Rxa7 g4 (44... exf2 45. Rxf2 Rxg3 $17) 45. hxg4 fxg4 46. Ra6+ Kf5 47. b6 (47.
Rc6 $16) 47... Ke4 48. b7 Rb1+ 49. Kg2 Rxb7 50. Re6+ Kf5 51. R6xe3 Rb3 52. Re5+
Kf6 53. R5e4 Kf5 54. Rc4 Ra3 55. Rc5+ Kf6 56. a5 Rf5 57. Rc6+ Kf7 58. a6 Ra1
59. Rc7+ Kf6 60. a7 Rb5 61. Re8 Rbb1 $2 (61... Rba5) 62. Rf8+ Ke6 {et Grégory
mbe. On croit au mat Tg1-h1, mais a8D / Tg1+ Rh2 et la Da8 couvre h1 !} 0-1

[Event "Open CEG 2017"]
[Site "?"]
[Date "2017.11.20"]
[Round "6"]
[White "Olmo, José"]
[Black "Daverio, Edoardo"]
[Result "0-1"]
[WhiteElo "2119"]
[BlackElo "1993"]
[PlyCount "110"]
[EventDate "2017.??.??"]

1. e4 c5 2. c3 e6 3. d4 d5 4. e5 Nc6 5. Nf3 Nge7 6. Bd3 Nf5 7. O-O cxd4 8. Bxf5
exf5 9. Nxd4 Be7 10. Re1 Be6 11. Qd3 Nxd4 12. Qxd4 O-O 13. Nd2 b6 14. Nb3 Rc8
15. Be3 f6 16. Rad1 Rc4 17. Qxc4 dxc4 18. Rxd8 Bxd8 19. Nd4 Bd5 (19... Re8 20.
Rd1 Kf7 $11) 20. e6 (20. exf6 Bxf6 21. Nxf5 $14) 20... g6 21. Bf4 Be7 22. Nb5
Rd8 23. Bc7 Rc8 24. Bd6 Kf8 25. f3 a6 26. Rd1 (26. Bxe7+ Kxe7 27. Nd4) 26...
Bxe6 (26... Bxf3 $17) 27. Re1 (27. Na7) 27... Kf7 28. Bxe7 axb5 $15 29. Ba3 Rd8
30. Re2 Rd7 31. Kf2 f4 32. Ke1 Bf5 33. Bb4 Bd3 34. Rd2 Ke6 35. b3 Kf5 36. Kf2
g5 37. Rb2 h5 38. h3 Ke5 39. bxc4 Bxc4 40. a3 $2 (40. Ke1) 40... Rd1 $19 41. g3
fxg3+ 42. Kxg3 h4+ 43. Kf2 Kf4 44. Be7 f5 45. a4 $2 bxa4 46. Rxb6 $2 Rd2+ 47.
Kg1 Kg3 48. Rb1 Rg2+ 49. Kh1 Rh2+ 50. Kg1 Bd5 51. Bxg5 Rg2+ (51... Bxf3 $2 52.
Bf4+ Kxf4 53. Kxh2 Ke3 $11 {selon les machines...}) 52. Kf1 Bc4+ 53. Ke1 Rg1+
54. Kd2 Rxb1 55. Ke3 a3 0-1

[Event "Open CEG 2017"]
[Site "?"]
[Date "2017.11.22"]
[Round "6"]
[White "Pecorini, Jean-Marc"]
[Black "Zanetti, Nicola"]
[Result "1-0"]
[WhiteElo "1685"]
[BlackElo "1654"]
[PlyCount "43"]
[EventDate "2017.??.??"]

1. d4 d5 2. c4 c6 3. Nc3 Nf6 4. cxd5 cxd5 5. Bf4 Nc6 6. e3 e6 7. Bd3 Bb4 8. a3
Be7 9. Rc1 O-O 10. Nf3 Bd7 11. Ne5 Nxe5 12. Bxe5 Be8 13. O-O Nd7 14. Bf4 Rc8
15. Nb5 a6 $2 (15... Rxc1 16. Qxc1 a6 17. Nd6 e5 18. dxe5 Nxe5 19. Bxe5 Bxd6
20. Bxd6 Qxd6 $14) 16. Bc7 Rxc7 17. Nxc7 Bd6 18. Qc2 f5 $2 19. Nxe6 Qh4 20. g3
Qh3 21. Nxf8 Bh5 $2 22. Bxf5 1-0

[Event "Open CEG 2017"]
[Site "?"]
[Date "2017.11.22"]
[Round "6"]
[White "Babel, Ludovic"]
[Black "Tinguely, Frédéric"]
[Result "1-0"]
[WhiteElo "1553"]
[BlackElo "1605"]
[PlyCount "89"]
[EventDate "2017.??.??"]

1. e4 e6 2. d3 d5 3. Nd2 Nf6 4. Ngf3 dxe4 5. dxe4 Bc5 6. Qe2 $2 O-O $2 (6...
Ng4 7. Qb5+ (7. Nd4 Qxd4 8. Qxg4 Qxf2+ 9. Kd1 $17) 7... Nd7 $17) 7. e5 Nd5 8.
g3 c6 9. Bg2 Nd7 10. O-O Qc7 11. Re1 a5 12. h4 h6 13. Nf1 f6 14. c4 N5b6 15.
Bf4 (15. exf6 Rxf6 $16) 15... Bb4 $2 (15... fxe5) 16. exf6 Qd8 17. Qxe6+ Rf7
18. Qe8+ (18. fxg7) 18... Qxe8 19. Rxe8+ Kh7 20. fxg7 Kxg7 21. Ne5 Re7 22.
Rxe7+ Bxe7 23. Re1 Bf6 24. b3 a4 (24... Bxe5 25. Bxe5+ Nxe5 26. Rxe5) 25. Nxd7
(25. Ng4) 25... Bxd7 26. c5 (26. Nd2) 26... Nd5 27. Be5 axb3 28. Bxf6+ Kxf6 29.
axb3 Nc3 30. Re3 Nb5 31. Nd2 Be6 32. Ne4+ Ke7 33. Nd2 (33. Nd6 $1 Nxd6 34. Bh3)
33... Nd4 34. Bh3 Kf7 35. Bxe6+ Nxe6 36. Ne4 Nd4 37. Nd6+ Kf6 38. Nxb7 Ra7 39.
Nd6 Ra1+ 40. Kg2 Rb1 41. Ne4+ Kf5 42. Nd2 (42. g4+ $1 Kxg4 43. Nd2 Rc1 44. Re4+
) 42... Rb2 43. Rd3 Ne6 44. Nc4 Nxc5 $2 45. Rf3+ 1-0

[Event "Open CEG 2017"]
[Site "?"]
[Date "2017.11.22"]
[Round "6"]
[White "Amos, Léo"]
[Black "Dellenbach, Jean-Paul"]
[Result "1-0"]
[WhiteElo "1757"]
[BlackElo "1567"]
[PlyCount "33"]
[EventDate "2017.??.??"]

1. e4 c6 2. d4 d5 3. Nc3 dxe4 4. Nxe4 Nd7 5. Bd3 Ngf6 6. Ng5 e6 7. N1f3 h6 8.
Nxe6 Qe7 9. O-O fxe6 10. Bg6+ Kd8 11. Re1 (11. Bf4 b5 12. a4 Bb7 13. Re1 Nd5
14. Bg3 Kc8 15. axb5 cxb5 16. Qd3 Bc6 17. Bf5 exf5 18. Rxe7 Bxe7 $2 (18... Nxe7
$16) 19. c4 {1-0 Deep Blue-Garry Kasparov 1997}) 11... Qd6 12. c4 $14 Nb6 $2
13. c5 Qd5 14. cxb6 axb6 15. Ne5 Rxa2 $2 16. Rxa2 Qxa2 17. Nf7+ 1-0

[Event "Open CEG 2017"]
[Site "?"]
[Date "2017.11.22"]
[Round "6"]
[White "Bujard, Didier"]
[Black "Chablais, Christian"]
[Result "1-0"]
[WhiteElo "1529"]
[BlackElo "1547"]
[PlyCount "55"]
[EventDate "2017.??.??"]

1. d4 e6 2. Bf4 f5 3. Nf3 Nf6 4. e3 d6 5. c3 g6 6. h3 Bg7 7. Nbd2 O-O 8. Qb3
Nc6 9. Bd3 Kh8 10. Nc4 Qe8 11. O-O Ne4 (11... b5 12. Qxb5 $2 Rb8 13. Qa4 Nxd4
14. Qxe8 (14. Qxa7 Nxf3+ 15. gxf3 Rb7 16. Qa8 e5 17. Bg3 e4 18. Be2 d5 $19)
14... Nxf3+ 15. gxf3 Rxe8 $17) 12. Qc2 Nf6 13. Rfe1 b6 14. Be2 Bb7 15. Nfd2 Nd8
16. Qd1 Nf7 17. Nf3 Nd7 18. Rc1 e5 19. Bg3 e4 20. Nfd2 a5 21. a4 Rc8 22. Na3 d5
23. c4 c5 24. Nb3 cxd4 25. Nxd4 dxc4 26. Nxc4 Nc5 $2 27. Nxb6 Rc7 $2 (27... Nd3
) 28. Bxc7 1-0

[Event "Open CEG 2017"]
[Site "?"]
[Date "2017.11.29"]
[Round "7"]
[White "Vernay, Clovis"]
[Black "Bürki, Gilles"]
[Result "1-0"]
[WhiteElo "2503"]
[BlackElo "1893"]
[PlyCount "55"]
[EventDate "2017.??.??"]

1. d4 d5 2. c4 c6 3. e3 Nf6 4. Nf3 a6 5. Nc3 b5 6. b3 Bg4 7. Be2 e6 8. O-O Bd6
9. h3 Bh5 10. Bb2 O-O 11. Qc2 Bg6 12. Bd3 Bxd3 13. Qxd3 Nbd7 14. Rfd1 b4 15.
Na4 Ne4 16. Rac1 a5 17. cxd5 cxd5 18. Rc6 Nb8 19. Rc2 Ra6 (19... Nd7) 20. Rdc1
$16 Qd7 21. Ne5 Bxe5 (21... Qb7) 22. dxe5 Rc6 23. Rxc6 Nxc6 24. Qa6 Nc3 (24...
Nb8 25. Qxa5) 25. Nxc3 bxc3 26. Bxc3 Nb4 $2 27. Qxa5 Nd3 $2 28. Rd1 1-0

[Event "Open CEG 2017"]
[Site "?"]
[Date "2017.11.29"]
[Round "7"]
[White "Daverio, Edoardo"]
[Black "Dib, Billal"]
[Result "1-0"]
[WhiteElo "1993"]
[BlackElo "1873"]
[PlyCount "87"]
[EventDate "2017.??.??"]

1. d4 f5 2. c4 Nf6 3. Nc3 e6 4. g3 Bb4 5. Bg2 O-O 6. e3 d5 7. Nge2 c6 8. Qb3 a5
9. O-O Re8 10. Nf4 b6 11. Rd1 Ba6 $2 12. cxd5 cxd5 13. Ncxd5 $1 Ra7 (13... exd5
14. Nxd5 Ne4 15. Nxb4+) 14. Nxb4 $18 axb4 15. Nxe6 Qc8 16. Nc7+ Bc4 $1 17.
Qxc4+ Kh8 18. Qxb4 Qxc7 19. Bd2 Qc2 20. Qc3 (20. Rac1) 20... Qa4 21. Qb3 Qa6
22. Bb4 Nbd7 23. Qd3 Qa4 24. a3 Rc7 25. Qxf5 Rc2 26. Rac1 Rec8 27. Bc3 Rxc1 28.
Rxc1 Qb3 29. Qc2 Qe6 30. e4 b5 31. Qe2 Qb3 32. Qc2 Qf7 33. Re1 Nb6 34. d5 Kg8
35. Qd3 Nc4 36. h3 (36. e5) 36... Rd8 37. Rd1 (37. e5) 37... Qe7 38. f4 Nh5 39.
Kh2 Qc5 40. Qd4 Qd6 41. e5 Qh6 42. d6 g5 43. f5 (43. Bd5+) 43... g4 $2 44.
Qxg4+ (44. e6) 1-0

[Event "Open CEG 2017"]
[Site "?"]
[Date "2017.11.29"]
[Round "7"]
[White "Delmonico, Nils"]
[Black "Suljevic, Elvis"]
[Result "1-0"]
[WhiteElo "2024"]
[BlackElo "1895"]
[PlyCount "161"]
[EventDate "2017.??.??"]

1. e4 e6 2. d4 d5 3. Nd2 c5 4. Ngf3 cxd4 5. Nxd4 Nc6 6. c3 Nf6 7. exd5 exd5 8.
Bb5 Bd7 9. N2f3 Nxd4 10. Bxd7+ Qxd7 11. Qxd4 Qb5 12. Qe5+ Be7 13. Nd4 Qd7 14.
Nf5 Kf8 (14... g6) 15. O-O $16 Re8 16. Be3 b6 17. Rfe1 Ba3 18. Qf4 Be7 $2 (
18... Re4 19. Qg3 Qxf5 20. bxa3 $16) 19. Bd4 $18 Bd8 20. Nxg7 $1 Kxg7 21. Qg5+
Kf8 22. Bxf6 Bxf6 23. Qxf6 Rg8 24. Rad1 ({pas meilleur} 24. Qh6+ Rg7 25. Rxe8+
Qxe8 26. Qd6+ Qe7 27. Qxd5 Rg5) 24... Rd8 (24... Re6) 25. Re3 (25. Rd3) 25...
Re8 (25... Rg6) 26. Qh6+ Rg7 27. Rg3 f5 28. Rxg7 (28. h3 Ree7 29. Qf6+ Kg8 30.
Rdd3) 28... Qxg7 29. Qxg7+ (29. Qc6) 29... Kxg7 30. Kf1 Rd8 31. Ke2 Kf6 32. Kf3
Ke5 33. Rd4 Rg8 34. g3 Rg7 35. Ke3 Re7 36. Rh4 Kf6+ 37. Kd3 Kg6 38. Rd4 Rd7 39.
Ke3 Kf6 40. c4 $6 (40. Kf4) 40... Re7+ 41. Kf4 dxc4 42. Rxc4 Re2 43. f3 Rxh2
44. Rc6+ Kg7 45. Rc7+ Kg6 46. Rxa7 Rxb2 47. Ra4 Rb5 (47... Rc2 $11) 48. Rd4 Kf6
49. a3 Kg6 50. Rd6+ Kf7 51. Kg5 Ra5 (51... Rb3 $11) 52. Rxb6 Rxa3 53. Rf6+ Kg7
54. Rxf5 Ra6 55. g4 Rb6 56. Ra5 Rg6+ 57. Kf5 Rf6+ 58. Ke4 Re6+ 59. Re5 Ra6 60.
g5 Kg6 61. f4 Ra4+ 62. Kf3 Ra6 (62... Kh5) 63. Kg4 $18 Ra1 64. Re6+ Kf7 65. Rh6
Kg7 66. Rb6 Ra7 67. f5 Ra1 68. Rb7+ Kg8 69. Kf4 Ra5 70. Re7 Rb5 71. f6 Ra5 72.
Re5 (72. Re8+ Kf7 73. Rh8) 72... Ra7 73. Kf5 Ra8 $2 (73... Kf7) 74. g6 hxg6+
75. Kxg6 Rb8 76. Re7 Ra8 77. Rg7+ Kf8 78. Rh7 Kg8 79. f7+ Kf8 80. Rh8+ Ke7 81.
Rxa8 1-0

[Event "Open CEG 2017"]
[Site "?"]
[Date "2017.11.29"]
[Round "7"]
[White "Broome, Jérémy"]
[Black "Pecorini, Jean-Marc"]
[Result "1-0"]
[WhiteElo "1848"]
[BlackElo "1685"]
[PlyCount "79"]
[EventDate "2017.??.??"]

1. d4 Nf6 2. Bf4 g6 3. Nc3 d5 4. e3 a6 5. Be2 Bg7 6. h4 h5 7. Nh3 Bxh3 8. Rxh3
Ne4 9. Nxe4 dxe4 10. Bc4 Nc6 11. c3 O-O 12. g4 Qd7 (12... e5) 13. Rg3 $16 e5
14. dxe5 Qxd1+ 15. Rxd1 hxg4 $2 (15... Nxe5) 16. Rxg4 (16. e6 $1) 16... Nxe5
17. Bxe5 Bxe5 18. Rxg6+ $18 Kh7 19. Rg4 f5 20. Rd7+ Kh6 21. Rg1 Rf6 22. Re7 (
22. Bg8 Rxg8 23. Rxg8) 22... Bd6 23. Reg7 Rh8 24. R1g5 Be5 25. Be2 (25. Bf7)
25... Re6 26. Rf7 Rf6 27. Rxf6+ Bxf6 28. Rxf5 Rf8 $2 (28... Kg6 29. Rf4 Rxh4)
29. Rf4 c6 30. Rxe4 Rg8 31. h5 Rg1+ 32. Kd2 Rg2 33. f4 Kg7 34. Kd3 c5 35. f5 b5
36. Rg4+ Rxg4 37. Bxg4 a5 38. b3 Bg5 39. a3 Kf6 40. b4 {
tombé mais la finale n'est pas sauvable...} 1-0

[Event "Open CEG 2017"]
[Site "?"]
[Date "2017.11.29"]
[Round "7"]
[White "Babel, Ludovic"]
[Black "Elkiess, Grégory"]
[Result "1-0"]
[WhiteElo "1553"]
[BlackElo "1705"]
[PlyCount "97"]
[EventDate "2017.??.??"]

1. e4 c5 2. Nc3 a6 3. f4 b5 4. Nf3 Bb7 5. g3 g6 6. Bg2 b4 7. Ne2 $6 (7. Na4)
7... Bxe4 8. O-O Bg7 9. d3 Bb7 10. Be3 d6 11. d4 Nd7 12. Bh3 Ngf6 13. Qe1 a5
14. Rd1 cxd4 15. Bxd4 O-O 16. Rd3 Qc7 17. c3 $2 Ba6 (17... e5 18. fxe5 dxe5 19.
Be3 e4 20. Rxd7 Nxd7 $19) 18. Rd2 Ne4 19. Bxg7 (19. Rc2 Bxd4+ 20. Nexd4 Bd3 21.
cxb4 Bxc2 22. Bxd7 Qxd7 23. Nxc2 f5 $19) 19... Nxd2 20. Bxf8 Nxf3+ $2 (20...
Nxf1 21. Bxe7 Re8 22. Ned4 Nxg3 23. hxg3 bxc3 $19) 21. Rxf3 Kxf8 $17 22. Nd4
bxc3 (22... Nf6) 23. Rxc3 Nc5 24. Qe3 Qb6 25. Rb3 Qc7 26. Rc3 Bc8 27. f5 Kg7
28. Nb3 $14 Qd8 $2 29. Qd4+ e5 $2 30. fxe6+ $18 Qf6 31. Qxf6+ Kxf6 32. Rf3+ Kg7
33. Rxf7+ Kg8 34. Nxc5 dxc5 35. Rc7 Ba6 36. Rxc5 Bd3 37. Kf2 a4 38. Ke3 Bb1 39.
Bg2 Rb8 40. Bd5 Re8 $2 (40... Kg7) 41. Rc7 Bf5 42. e7+ Kg7 43. Bc6 Kf7 44.
Bxe8+ Kxe8 45. Kd4 Bd7 46. Rxd7 Kxd7 47. Kc4 Kxe7 48. Kb4 Kf6 49. Kxa4 {
et 1-0 après 71 coups} 1-0

[Event "Open CEG 2017"]
[Site "?"]
[Date "2017.12.29"]
[Round "7"]
[White "Olmo, José"]
[Black "Amos, Léo"]
[Result "1/2-1/2"]
[WhiteElo "2119"]
[BlackElo "1757"]
[PlyCount "116"]
[EventDate "2017.??.??"]

1. e4 e5 2. Nf3 Nc6 3. d4 exd4 4. Bc4 Nf6 5. e5 d5 6. Bb5 Ne4 7. Nxd4 Bc5 8.
Nxc6 Bxf2+ 9. Kf1 bxc6 10. Bxc6+ Kf8 11. Qd3 Qh4 12. Bxa8 (12. Bxd5) 12... Nc5
(12... Bd4 13. Be3 Nc5 14. Qxd4 Ba6+ 15. c4 Bxc4+ 16. Qxc4 Qxc4+ $19) 13. Bg5
Qxg5 14. Qxd5 Be6 15. Qd1 (15. h4) 15... Bh4 $2 (15... Be3 $17) 16. g3 Bh3+ (
16... Qxe5) 17. Bg2 Bg4 $2 (17... Qf5+ 18. Kg1 $16) 18. Qd2 $18 (18. gxh4 $1
Qf4+ 19. Bf3 Qxf3+ 20. Qxf3 Bxf3 21. Rg1 $18) 18... Qf5+ 19. Qf2 Be7 20. Qxf5
Bxf5 21. Na3 g5 22. Ke2 Kg7 23. Rhf1 Bg6 24. Rad1 Rb8 25. b3 (25. Nc4) 25...
Nxb3 26. cxb3 Bxa3 27. Rd7 (27. Bc6) 27... Re8 28. Rxc7 Rxe5+ 29. Kd1 Bh5+ (
29... a5 $14) 30. Bf3 Rf5 31. Ke2 Re5+ 32. Kf2 Bg6 33. Kg2 Bc5 34. Rd1 Bb6 35.
Rcd7 h5 36. h3 (36. R1d5) 36... Bf5 37. R7d5 Rxd5 38. Rxd5 Kf6 39. Rd6+ Ke5 40.
Rh6 g4 41. hxg4 hxg4 42. Bd1 (42. Bb7) 42... Be4+ 43. Kh2 f5 44. a4 Kd4 45. Re6
Ke3 46. b4 (46. Bc2) 46... Kf2 47. Bxg4 $2 (47. Re7 $11) 47... Bc7 $19 48. Rxe4
Bxg3+ 49. Kh3 fxe4 50. a5 Bc7 (50... e3 51. b5 Bc7 52. b6 Bxb6 $1 53. axb6 axb6
) 51. Kh4 Ke3 $2 (51... e3) 52. Kg5 Kd4 (52... Kd2 53. Kf5 e3 54. Ke4 $11) 53.
Be2 Ke5 54. a6 e3 55. b5 Kd4 56. Kf5 Kc3 57. Ke4 Kd2 58. Kf3 Bb6 1/2-1/2

[Event "Open CEG 2017"]
[Site "?"]
[Date "2017.11.29"]
[Round "7"]
[White "Zanetti, Nicola"]
[Black "Schaerer, Marie-Anne"]
[Result "1-0"]
[WhiteElo "1654"]
[BlackElo "1749"]
[PlyCount "79"]
[EventDate "2017.??.??"]

1. d4 f5 2. c4 Nf6 3. Nc3 g6 4. Nf3 d6 5. Bd2 Bg7 6. g3 O-O 7. Bg2 Nbd7 8. d5
Re8 9. O-O Nf8 10. Re1 e5 11. dxe6 Nxe6 12. Ng5 c6 13. Nxe6 Bxe6 14. b3 Nh5 15.
Qc2 Qf6 16. Bf3 Rad8 17. Rad1 Bf7 18. Bxh5 gxh5 19. e3 h4 20. Ne2 hxg3 21. hxg3
Bh5 22. Bc3 Qh6 $6 (22... Qg5 23. Bxg7 Bf3 24. Nd4 Be4 (24... Bxd1 25. Rxd1
Qxg7 26. Nxf5 $14)) 23. Bxg7 Kxg7 24. Qxf5 Rf8 25. Qh3 Rf6 (25... Bf3) 26. Rd4
$18 Qg5 27. Rh4 Bg6 28. Nf4 Qa5 (28... Kh8) 29. Re2 Qf5 $2 30. g4 $2 (30. Qxf5
Bxf5 (30... Rxf5 31. Ne6+) 31. Nh5+) 30... Qb1+ 31. Kh2 Rdf8 $2 32. Kg2 $2 (32.
g5) 32... Be4+ $2 33. f3 Rxf4 $2 (33... Bd3 34. Nh5+) 34. exf4 Bd3 $2 35. Rxh7+
$2 (35. f5 Rh8 36. Rxh7+ Rxh7 37. Re7+) 35... Bxh7 36. f5 Rf7 (36... Bxf5 37.
gxf5 Qxf5 38. Re7+ Kf6 39. Qh4+ Qg5+ 40. Qxg5+ Kxg5 41. Rxb7 a5 42. Rd7 Rf6 $16
) 37. Qh4 Qc1 $2 (37... Bxf5 38. Re8 Rf8 39. Rxf8 Kxf8 40. Qf6+ Ke8 41. gxf5
$16) 38. g5 Kf8 $2 39. Qh6+ Rg7 40. Qxd6+ 1-0

[Event "Open CEG 2017"]
[Site "?"]
[Date "2017.11.26"]
[Round "7"]
[White "Tinguely, Frédéric"]
[Black "Schaerer, Marc"]
[Result "1-0"]
[WhiteElo "1605"]
[BlackElo "1872"]
[PlyCount "59"]
[EventDate "2017.??.??"]

1. d4 d5 2. Bf4 Nf6 3. e3 e6 4. Nd2 Bd6 5. Bg3 O-O 6. c3 c5 7. Bd3 b6 8. e4
dxe4 $2 9. Nxe4 Bxg3 $2 (9... Bb7 10. Bxd6 (10. Nxd6 $2 Bxg2) 10... Nxe4 11.
Bxf8 Qxf8) (9... Ne8 10. Nxd6 Nxd6 11. dxc5 Nb7 $16) 10. Nxf6+ $18 Qxf6 11.
hxg3 h6 12. Be4 cxd4 13. cxd4 Rd8 14. Nf3 $2 (14. Bxa8) 14... Nc6 $2 (14... Rd5
) 15. Bxc6 Rb8 16. O-O Ba6 17. Re1 Rbc8 18. Qa4 Bd3 19. Ne5 Qf5 20. g4 (20.
Rac1) 20... Qh7 (20... Qf6) 21. Qxa7 Rxd4 $2 (21... Rf8) 22. Qxf7+ Kh8 23. Qxe6
Rb8 (23... Qg8) 24. Nf7+ Kg8 25. Ng5+ Kh8 26. Nxh7 Kxh7 27. Be4+ Bxe4 28. Rxe4
Rxe4 29. Qxe4+ g6 30. Rd1 1-0

[Event "Open CEG 2017"]
[Site "?"]
[Date "2017.11.29"]
[Round "7"]
[White "Chablais, Christian"]
[Black "Champoud, Gilles"]
[Result "0-1"]
[WhiteElo "1547"]
[BlackElo "1634"]
[PlyCount "72"]
[EventDate "2017.??.??"]

1. c4 Nf6 2. Nc3 Nc6 3. Nf3 e5 4. d3 Bb4 5. Bg5 d6 6. g3 Bg4 7. Bg2 h6 8. Bd2
Qd7 9. h3 Bh5 10. O-O Bxf3 11. exf3 O-O-O 12. a3 Ba5 13. b4 Bb6 14. Re1 Kb8 15.
Be3 Nd4 16. Ne2 Nxe2+ 17. Qxe2 Bxe3 18. Qxe3 Rhe8 19. Kh2 d5 20. f4 exf4 21.
Qxf4 dxc4 22. Rxe8 Rxe8 23. Qf3 c6 24. dxc4 Qd6 25. Qf4 $2 Qxf4 26. gxf4 Nh5
27. f5 Re5 28. Rd1 Rxf5 29. Kg1 Nf4 30. Rd2 $2 (30. Bf1 $17) 30... Rg5 $19 31.
f3 Nxh3+ 32. Kh2 Nf4 33. Kg1 $2 Kc7 34. Kf1 Rxg2 35. Rxg2 Nxg2 36. Kxg2 Kd6 0-1

[Event "Open CEG 2017"]
[Site "?"]
[Date "2017.11.29"]
[Round "7"]
[White "Ouatas, Mabrouk"]
[Black "Vederhus, Alf"]
[Result "0-1"]
[WhiteElo "1366"]
[BlackElo "1631"]
[PlyCount "84"]
[EventDate "2017.??.??"]

1. e4 c5 2. Bc4 e6 3. Nf3 Nf6 4. e5 Nd5 5. c3 d6 6. d3 Nc6 7. Bg5 Be7 8. Bxe7
Qxe7 9. d4 O-O 10. Nbd2 dxe5 11. dxe5 Rd8 12. Qc2 Nf4 13. Bf1 $15 (13. O-O Nxe5
14. Nxe5 Qg5 15. Qe4 Rxd2 16. g3 Nh3+ 17. Kg2 f5 18. Qf3 $18) 13... a6 14. g3 (
14. Qe4) 14... Ng6 15. O-O-O Ncxe5 16. h3 (16. Nxe5 Nxe5) 16... b5 17. Bg2 $2
Bb7 $2 (17... Nd3+) 18. h4 $2 Nxf3 (18... Nd3+) 19. Bxf3 $2 (19. Nxf3) 19... b4
$2 (19... Rxd2 20. Rxd2 Bxf3) 20. Bxb7 Qxb7 21. Ne4 Qb6 22. h5 Nf8 23. Rh4
Rxd1+ 24. Qxd1 bxc3 (24... Rd8) 25. Nxc3 Rd8 26. Qf3 Rd4 27. Rg4 Rxg4 28. Qxg4
f5 29. Qg5 h6 30. Qf4 Qc6 31. f3 Nd7 32. Qe3 (32. g4) 32... Nf6 $19 33. g4 fxg4
34. fxg4 Nxg4 35. Qg3 $2 (35. Qe4 Qxe4 36. Nxe4 g6 (36... c4) 37. Nxc5 gxh5 38.
Kd1 h4 39. Ke2 h3 40. Kf3 e5) 35... Qh1+ 36. Nd1 Qxh5 37. Qe1 Qe5 38. Qa5 Qd6
39. Qe1 g5 40. Ne3 $2 Qf4 41. Kd2 Qf2+ $2 (41... Qxe3+) 42. Qxf2 Nxf2 0-1